LEADER 02248oas 2200985 a 450 001 9910147254303321 005 20260218110656.0 011 $a1432-2137 024 8 $aeb767878 035 $a(DE-599)ZDB1481770-6 035 $a(DE-599)1481770-6 035 $a(OCoLC)44559393 035 $a(CONSER) 00227313 035 $a(CKB)954926952807 035 $a(DE-599)2106414-3 035 $a(EXLCZ)99954926952807 100 $a20000711a19709999 sy 101 0 $aeng 135 $aurmnu|||||||| 181 $ctxt$2rdacontent 182 $cc$2rdamedia 183 $acr$2rdacarrier 200 10$aSemigroup forum 210 $aBerlin ;$aNew York $cSpringer-Verlag 300 $aRefereed/Peer-reviewed 311 08$a0037-1912 606 $aSemigroups$vPeriodicals 606 $aSemi-groupes$vPe?riodiques 606 $aSemigroups$2fast$3(OCoLC)fst01112267 606 $aHalbgruppe$2gnd 606 $aZeitschrift$2gnd 606 $aOnline-Ressource$2gnd 606 $aSemigrups$2thub 608 $aPeriodicals.$2fast 608 $aPeriodicals.$2lcgft 608 $aZeitschrift.$2swd 608 $aOnline-Publikation.$2swd 608 $aRevistes electròniques.$2thub 615 0$aSemigroups 615 6$aSemi-groupes 615 7$aSemigroups. 615 7$aHalbgruppe 615 7$aZeitschrift. 615 7$aOnline-Ressource 615 7$aSemigrups. 676 $a512 801 0$bPIT 801 1$bPIT 801 2$bEYM 801 2$bOCLCQ 801 2$bCGU 801 2$bOCLCQ 801 2$bCGU 801 2$bOCL 801 2$bCIT 801 2$bDLC 801 2$bSHS 801 2$bGEBAY 801 2$bGWDNB 801 2$bUKMGB 801 2$bOCLCQ 801 2$bBUF 801 2$bOCLCF 801 2$bDEBBG 801 2$bOCLCQ 801 2$bEZC 801 2$bOCLCO 801 2$bOCLCA 801 2$bNJT 801 2$bVT2 801 2$bDLC 801 2$bNLE 801 2$bOCLCO 801 2$bOCLCQ 801 2$bUAB 801 2$bAUD 801 2$bSXB 801 2$bOCLCL 801 2$bOCLCA 801 2$bLVT 801 2$bOCLCQ 906 $aJOURNAL 912 $a9910147254303321 996 $aSemigroup forum$9255707 997 $aUNINA